Professional practice for architects and project managers / (Record no. 10462)

000 -LEADER
fixed length control field 01634cam a22002418i 4500
003 - CONTROL NUMBER IDENTIFIER
control field OSt
008 - FIXED-LENGTH DATA ELEMENTS--GENERAL INFORMATION
fixed length control field 190808s2020 nju 001 0 eng
020 ## - INTERNATIONAL STANDARD BOOK NUMBER
International Standard Book Number 9781119540076
Qualifying information (paperback)
042 ## - AUTHENTICATION CODE
Authentication code pcc
050 00 - LIBRARY OF CONGRESS CALL NUMBER
Classification number NA1995
Item number .C445 2020
082 00 - DEWEY DECIMAL CLASSIFICATION NUMBER
Classification number 720.1
Edition number 23
100 1# - MAIN ENTRY--PERSONAL NAME
Personal name Chappell, David
Fuller form of name (David M.),
Relator term author.
245 10 - TITLE STATEMENT
Title Professional practice for architects and project managers /
Statement of responsibility, etc David Chappell.
250 ## - EDITION STATEMENT
Edition statement First edition.
263 ## - PROJECTED PUBLICATION DATE
Projected publication date 2001
300 ## - PHYSICAL DESCRIPTION
Extent pages cm
500 ## - GENERAL NOTE
General note Includes index.
520 ## - SUMMARY, ETC.
Summary, etc "The idea from this book came from several people who had been unfortunate enough to hear me speak at one of the lectures I used to give up and down England, Scotland, Wales and Northern Ireland. I have written a great many books on construction industry topics (70 at the last count): books about the popular forms of contract, about the kinds of letters architects and contractors might write, about architectural, practical and legal matters. My aim was to make most of the books as simple as possible and some people have been kind enough to say that my books are relatively easy and helpful, if not actually enjoyable, to read. It is easy to make a complex subject even more complicated and we all see this every day. The trick is to make a complex subject simple. This takes time but it is rewarding"--
650 #0 - SUBJECT ADDED ENTRY--TOPICAL TERM
Topical term or geographic name as entry element Architectural practice.
776 08 - ADDITIONAL PHYSICAL FORM ENTRY
Display text Online version:
Main entry heading Chappell, David, 1935-
Title Professional practice for architects and project managers
Edition First edition.
Place, publisher, and date of publication Hoboken : Wiley, 2020.
International Standard Book Number 9781119540090
Record control number (DLC) 2019034996
906 ## - LOCAL DATA ELEMENT F, LDF (RLIN)
a 7
b cbc
c orignew
d 1
e ecip
f 20
g y-gencatlg
942 ## - ADDED ENTRY ELEMENTS (KOHA)
Source of classification or shelving scheme
Holdings
Withdrawn status Lost status Source of classification or shelving scheme Damaged status Koha normalized classification for sorting Not for loan Permanent location Current location Date acquired Source of acquisition Cost, normal purchase price Full call number Barcode Date last seen Cost, replacement price Price effective from Koha item type
        720_100000000000000   BMS College of Architecture, Design and Planning BMS College of Architecture, Design and Planning 2022-04-12 1 3580.85 720.1 AR-UG2469 2022-04-12 5115.50 2022-04-12 UG Books
Copyright © 2025, The Librarian, Library and Information Centre, BMSCA D&P, Bengaluru. All Rights Reserved
web counter

Powered by Koha